000 00925nam0a22002531 4500
001 rc\2804688
005 20260407141824.0
035 _a(NLR Aleph) 006930651
090 _a7543712
_c7543712
100 _a20110915d1944 u y0rusy50 ca
101 0 _arus
102 _aRU
105 _aa z |||||
200 1 _aПравила по кормлению и уходу за овцами в совхозах Наркомсовхозов
_fНар. ком. зерн. и жив. совхозов СССР
210 _aМосква
_cБ. и.
_d1944
215 _a32 с., без обл.
_cчерт.
_d20 см.
710 0 1 _aСССР
_bГлавное упр. мясосовхозов
_3RU\NLR\AUTH\8810010551
_9518764
801 0 _aRU
_bNLR
_gpsbo
801 1 _aRU
_bELAR
_2rusmarc
852 _aNLR
_jС90 Г-4/164
942 _cBOOK
945 _aРоссийская национальная библиотека
980 _aNB
980 _aBV